000 00764cam a2200229 a 4500
001 000006527
005 20200929153939.0
008 030707s2003 ck b f000 0 spa
020 _a9588159660 (obra completa)
020 _a9588159695 (v. 2)
040 _aDO-SdBNP
_bspa
_cBNPHU
082 _aC862.5
_bC831c
100 1 _aCortés Zabala, Diego Mauricio
_d1964-
_918118
245 1 3 _aLa ciudad visible :
_buna Bogotá imaginada /
_cDiego Mauricio Cortés Zabala.
260 _aBogotá :
_bMinisterio de Cultura,
_c2003.
300 _a82 p. ;
_c22 cm.
490 0 _aCine colombiano
_v2
500 _aIncluye notas al pie de las páginas
650 4 _aColombia en el cine
_918119
650 4 _aLiteratura colombiana
_91244
830 0 _aCine colombiano ;
_n2.
_918120
999 _c6318
_d6318